| 000 | 01052cad a22002055a 4500 | ||
|---|---|---|---|
| 001 | L157829 | ||
| 008 | 130530s2013 xxk f 000 0 eng d | ||
| 035 | _a(Sirsi) u157829 | ||
| 041 | 0 | _aeng | |
| 110 | 2 |
_aErnst & Young _94001 |
|
| 245 | 0 | 0 |
_aRECAI _bRenewable energy country attractiveness index _h[electronic resource] |
| 260 |
_aLondon _bErnst & Young _c2013 |
||
| 520 | _aErnst & Young's latest quarterly renewable energy Country Attractiveness Indices report ranks 40 countries in order of their attractiveness for investment in renewable energy. This is the tenth anniversary of the index and coincides with the sector going through an unprecedented period of change including facing up to a world of declining government subsidies. | ||
| 590 | _aKA | ||
| 651 | 4 | _aInternational | |
| 690 |
_aEnergy _96237 |
||
| 690 |
_aSustainability _96271 |
||
| 856 | 4 | 0 |
_uhttps://www.ey.com/Publication/vwLUAssets/Renewable_energy_country_attractiveness_indices_-_Issue_37/$FILE/RECAI-May-2013.pdf _zView the item free of charge at www.ey.com |
| 942 | _n0 | ||
| 999 |
_c114989 _d114989 |
||